Ces films ont un lieu dans leurs titres - 2 - Statistiques

Statistiques générales
  • Ce quiz a été pris 42 fois
  • Le résultat moyen est 5 sur 20
Statistiques - réponses
Réalisateur Année Film % Correct
Sergio Leone 1984 Il était une fois en {Amérique}
77%
Genndy Tartakovsky 2013 Hôtel {Transylvanie}
60%
Steven Soderbergh 2019 The Laundromat - L'affaire des {Panama} Papers
51%
Woody Allen 2011 Minuit à {Paris}
46%
Terry Gilliam 1998 {Las} {Vegas} Parano
43%
Werner Herzog 2010 Bad Lieutenant : Escale à la {Nouvelle}-{Orléans}
31%
😶 2012 Madagascar 3 : Bons Baisers d'{Europe}
26%
Pier Paolo Pasolini 1976 {Salò} ou les 120 journées de Sodome
23%
Sacha Guitry 1954 Si {Versailles} m'était conté
23%
Aaron Sorkin 2020 Les Sept de {Chicago}
20%
John Carpenter 2001 Ghosts of {Mars}
17%
Yasujirō Ozu 1953 Voyage à {Tokyo}
17%
Tsui Hark 1991 Il était une fois en {Chine}
11%
Thomas Astruc 2021 Miraculous World : {Shanghai}, La Légende de Ladydragon
11%
Mikhail Kalatozov 1964 Soy {Cuba}
11%
Hong Sang-Soo 2011 Matins calmes à {Séoul}
9%
Jean-Luc Godard 1991 {Allemagne} année 90 neuf zéro
6%
Jean Vigo 1930 À propos de {Nice}
6%
Raymond Depardon 2012 Journal de {France}
6%
Werner Herzog 1985 {Gasherbrum} - La Montagne lumineuse
3%
Aucun quiz correspondant
Distribution des résultats
% des personnes avec chaque résultat
Percentile par nombre de réponses
Votre historique - résultats
Vous n’avez pas pris ce quiz